<?xml version="1.0" encoding="UTF-8"?>
<collection xmlns="http://www.loc.gov/MARC21/slim">
 <record>
  <leader>01115nam a22001817a 4500</leader>
  <controlfield tag="001">NCT_4_005160</controlfield>
  <controlfield tag="008">240302b        xxu||||| |||| 00| 0 vie d</controlfield>
  <datafield tag="999" ind1=" " ind2=" ">
   <subfield code="c">8140</subfield>
   <subfield code="d">8140</subfield>
  </datafield>
  <datafield tag="020" ind1=" " ind2=" ">
   <subfield code="c">48000</subfield>
  </datafield>
  <datafield tag="082" ind1="0" ind2="4">
   <subfield code="2">23rd ed.</subfield>
   <subfield code="a">133.5267</subfield>
   <subfield code="b">M458V</subfield>
  </datafield>
  <datafield tag="245" ind1="0" ind2="0">
   <subfield code="a">Một vòng hoàng đạo 2017 - Kim Ngưu</subfield>
   <subfield code="b">Sách tham khảo</subfield>
   <subfield code="c">Lovedia</subfield>
  </datafield>
  <datafield tag="260" ind1=" " ind2=" ">
   <subfield code="a">H.</subfield>
   <subfield code="b">Nxb. Hà Nội ; Công ty Văn hoá và Truyền thông AZ Việt Nam</subfield>
   <subfield code="c">2016</subfield>
  </datafield>
  <datafield tag="300" ind1=" " ind2=" ">
   <subfield code="a">139tr.</subfield>
   <subfield code="b">hình vẽ, bảng</subfield>
   <subfield code="c">19cm</subfield>
  </datafield>
  <datafield tag="520" ind1="3" ind2=" ">
   <subfield code="a">Trình bày những kiến thức cơ bản về chiêm tinh học. Dự báo tổng quan và chi tiết về sức khoẻ, tình cảm, công việc, học tập... của những người thuộc chòm sao Kim Ngưu trong cung Hoàng đạo năm 2017; từ đó đưa ra những lời khuyên cho người đọc.</subfield>
  </datafield>
  <datafield tag="653" ind1=" " ind2=" ">
   <subfield code="a">Tham khảo</subfield>
  </datafield>
  <datafield tag="942" ind1=" " ind2=" ">
   <subfield code="2">ddc</subfield>
   <subfield code="c">BK</subfield>
  </datafield>
  <datafield tag="952" ind1=" " ind2=" ">
   <subfield code="0">0</subfield>
   <subfield code="1">0</subfield>
   <subfield code="2">ddc</subfield>
   <subfield code="4">0</subfield>
   <subfield code="6">133_526700000000000_M458V</subfield>
   <subfield code="7">0</subfield>
   <subfield code="9">28688</subfield>
   <subfield code="a">000001</subfield>
   <subfield code="b">000001</subfield>
   <subfield code="d">2024-03-02</subfield>
   <subfield code="o">133.5267 M458V</subfield>
   <subfield code="p">TK.03882</subfield>
   <subfield code="r">2024-03-02</subfield>
   <subfield code="v">48000.00</subfield>
   <subfield code="w">2024-03-02</subfield>
   <subfield code="y">BK</subfield>
  </datafield>
  <datafield tag="980" ind1=" " ind2=" ">
   <subfield code="a">Thư viện Trường Đại học Nam Cần Thơ</subfield>
  </datafield>
 </record>
</collection>
